Guess The Brand! #48 - Statistics

General Stats
  • This quiz has been taken 287 times
  • The average score is 6 of 20
Answer Stats
Picture Answer % Correct
Playstation 3
87%
Norway
81%
Philippines
66%
Nintendo Switch
64%
Zelda
62%
XBOX One
48%
Canada Goose
46%
ChatGPT
39%
Metroid
24%
Danet
15%
Milo
14%
Bitmoji
10%
EA Access
8%
Publix
8%
Delta Plus
2%
Avior Airlines
1%
Beezy
1%
Ground News
1%
OfficeSuite
1%
Skylia
1%
No matching quizzes found
Score Distribution
Percent of People with Each Score
Percentile by Number Answered
Your Score History
You have not taken this quiz